| 000 | 00642nam a22001817a 4500 | ||
|---|---|---|---|
| 999 |
_c178159 _d178159 |
||
| 005 | 20211108105746.0 | ||
| 010 | _aEN230921 ENG-129251 | ||
| 020 |
_a9789385606304 _c795.00 |
||
| 035 | _aEN-112783 | ||
| 037 | _bDBAD/PUB | ||
| 082 | _a305.4095411 | ||
| 245 |
_aCan You Hear Kashmiri Women Speak? : Narratives of Resistance and Resilience / _cedited by Nitasha Kaul and Ather Zia |
||
| 260 |
_bWomen Unlimited _aNew Delhi _c2020 |
||
| 270 |
_a7/10, First Floor, Sarvapriya Vihar _bNew Delhi _e110016 |
||
| 300 |
_axviii, 234p. _c22cm(Hb) |
||
| 700 | _aKaul, Nitasha ed. | ||
| 942 |
_2ddc _cEN _h305.4095411 _mZIA |
||